000 00788nam a22003017a 4500
003 OSt
008 150515b xxu||||| |||| 00| 0 eng d
100 1 _aLindquist, H. L.
041 _aeng
050 0 0 _a383.2135S
245 1 0 _aThe Stamp Specialist
246 1 0 _aVolume 1, Part 2 (Number 2)
260 _aNew York, NY
_bH. L. Lindquist
300 _a157 pages
650 0 _aGeneral
650 0 _aIndependent Mail Routes
650 0 _aUS Classics
650 0 _aUS 1851 Issue
650 0 _aRoman States
650 0 _aGreat Britain Used Abroad
650 0 _aAustralia
650 0 _aNew York Steamship Markings
650 0 _aLouisville Kentucky
650 0 _aSouthern Letter Unpaid
650 0 _aPostal Markings
650 0 _aAir Mail Stamps
650 0 _aPrices Realized
999 _c1460
_d1460